[Event "Foment Martinenc op-B 22nd"]
[Site "Barcelona"]
[Date "2022.06.18"]
[Round "9"]
[White "Planas Sarmiento, Joan"]
[Black "Asenjo Rodriguez, Cristian"]
[Result "1-0"]
[WhiteElo "1697"]
[BlackElo "1467"]
[PlyCount "78"]
[EventDate "2022.04.23"]
[EventType "swiss"]
[EventRounds "9"]
[EventCountry "ESP"]
[SourceTitle "EXT 2023"]
[Source "ChessBase"]
[SourceDate "2022.10.05"]
[SourceVersion "1"]
[SourceVersionDate "2022.10.05"]
[SourceQuality "1"]

1. d4 d6 2. Bf4 Nf6 3. Nc3 g6 4. e4 Nbd7 5. Qd2 Bg7 6. f3 c6 7. Bh6 0-0 8. 0-0-0 b5 9. h4 a5 10. h5 a4 11. hxg6 Bxh6 12. Qxh6 fxg6 13. e5 Rf7 14. exf6 Nxf6 15. Ne4 Nxe4 16. fxe4 a3 17. b3 Qa5 18. Ne2 Bg4 19. Rd3 Rxf1+ 20. Rxf1 Bxe2 21. Rh3 Bh5 22. Qf4 Qc7 23. Qf7+ Kh8 24. Rxh5 gxh5 25. Qxh5 Qd8 26. Rf7 Qg8 27. Qf5 Re8 28. e5 Qg6 29. Rf8+ Rxf8 30. Qxf8+ Qg8 31. Qxe7 Qxg2 32. exd6 Qf1+ 33. Kd2 Qf4+ 34. Kd3 Qf3+ 35. Kd2 Qf4+ 36. Kc3 b4+ 37. Kc4 Qf1+ 38. Kxb4 Qb5+ 39. Kxa3 c5 1-0

[Event "Foment Martinenc op-B 22nd"]
[Site "Barcelona"]
[Date "2022.05.28"]
[Round "6"]
[White "Alonso Vidal, David"]
[Black "Asenjo Rodriguez, Cristian"]
[Result "0-1"]
[WhiteElo "1323"]
[BlackElo "1467"]
[PlyCount "57"]
[EventDate "2022.04.23"]
[EventType "swiss"]
[EventRounds "9"]
[EventCountry "ESP"]
[SourceTitle "EXT 2023"]
[Source "ChessBase"]
[SourceDate "2022.10.05"]
[SourceVersion "1"]
[SourceVersionDate "2022.10.05"]
[SourceQuality "1"]

1. e4 d6 2. d4 Nf6 3. Nc3 Nbd7 4. f4 e5 5. Nf3 exd4 6. Qxd4 c6 7. Bc4 h6 8. h3 d5 9. exd5 Bc5 10. Qd3 0-0 11. Nd4 Re8+ 12. Be3 b5 13. Bb3 b4 14. Nce2 cxd5 15. 0-0-0 Qb6 16. c4 Ba6 17. Bf2 dxc4 18. Bxc4 Bxc4 19. Qxc4 Rac8 20. Kb1 Bxd4 21. Qxd4 Rxe2 22. Qxd7 Nxd7 23. Bxb6 Nxb6 24. g4 Rcc2 25. g5 Rxb2+ 26. Ka1 Rxa2+ 27. Kb1 Na4 28. g6 Nc3+ 29. Kc1 0-1